00471nam a2200205Ia 450000500170000000800460001702000180006303700100008104000080009104000080009904000080010704100080011504100080012308400080013110000220013924500190016126000230018026000090020385600530021220260121153840.0008 260114s9999 xx 000 0 eng d a9781315065847 aEBOOK aCRL beng cCRL 2eng aeng qCRL aA. Barrie Pittock 0aClimate Change bTaylor and Francis c2005 uhttp://www.taylorfrancis.com/books/9781315065847